Nezamestnanosť mladých a potreba ich zapojenia do aktívnej činnosti
Objasnenie rozmerov problému nezamestnanosti mladých ľudí na Slovensku v kontexte dosiahnutého vzdelania, kvality vzdelávania a typu pracovných zmlúv a poukázanie na podnikanie mladých ako jednu z možností riešenie problému nezamestnanosti.
Guardado en:
| Autor principal: | |
|---|---|
| Otros Autores: | , |
| Formato: | Capítulo de libro |
| Lenguaje: | eslovaco |
| Materias: | |
| Etiquetas: |
Sin Etiquetas, Sea el primero en etiquetar este registro!
|
MARC
| LEADER | 00000nla a2200000 4500 | ||
|---|---|---|---|
| 001 | 0194318 | ||
| 005 | 20240502073243.9 | ||
| 041 | 0 | |a slo | |
| 044 | |a SK | ||
| 245 | 1 | 0 | |a Nezamestnanosť mladých a potreba ich zapojenia do aktívnej činnosti |c Barbora Gontkovičová, Emília Duľová Spišáková, Pavol Andrejovský |
| 520 | |a Objasnenie rozmerov problému nezamestnanosti mladých ľudí na Slovensku v kontexte dosiahnutého vzdelania, kvality vzdelávania a typu pracovných zmlúv a poukázanie na podnikanie mladých ako jednu z možností riešenie problému nezamestnanosti. | ||
| 610 | 2 | 0 | |a nezamestnanosť |
| 610 | 2 | 0 | |a mladiství |
| 610 | 2 | 0 | |a mládež |
| 610 | 2 | 0 | |a vzdelanie |
| 610 | 2 | 0 | |a podnikanie |
| 610 | 2 | 0 | |a Slovensko |
| 100 | 1 | |a Gontkovičová, Barbora, 1986- | |
| 700 | 1 | |a Spišáková, Emília, 1983- | |
| 700 | 1 | |a Andrejovský, Pavol, 1975- | |